| 000 | nam a22 7a 4500 | ||
|---|---|---|---|
| 999 |
_c173250 _d173250 |
||
| 003 | Nust | ||
| 005 | 20170120171442.0 | ||
| 008 | 170120b xxu||||| |||| 00| 0 eng d | ||
| 020 | _a9781408814826 | ||
| 040 | _cNust | ||
| 082 |
_a823.92 _bBRI |
||
| 100 | _a Brill, Francesca, | ||
| 245 |
_aThe harbour / _cby Francesca Brill |
||
| 260 |
_aNew Delhi: _bbloomsbury, _c2012 |
||
| 300 | _a342 p. | ||
| 650 | _aChina--Hong Kong | ||
| 650 | _aWorld War (1939-1945) | ||
| 650 | _aMan-woman relationships | ||
| 650 | _aWomen journalists | ||
| 942 |
_2ddc _cBK |
||